Powerlifting Trivia - Statistics

General Stats
  • This quiz has been taken 83 times
  • The average score is 9 of 14
Answer Stats
Hint Answer % Correct
Name one of the three powerlifting lifts. Squat | Bench Press | Deadlift
100%
Using color-coded competition plates, a 10 kilogram plate is usually what color? Green
86%
How many attempts does a competitor have at a lift? Three
86%
Lifters may wear what piece of equipment during squat and deadlifts to improve their core bracing? Belt
78%
Name one of the two ways a deadlift can be performed? Conventional | Sumo
76%
What specialty barbell, used by some federations, is longer and thinner than a power bar? Deadlift
69%
Powerlifting is divided into equipped, and what other division? Raw
69%
Name a commonly used numerical measure of relative strength, calculated using a competitor's total, body weight, and sex. DOTS Score | Wilks Score | GL Points
66%
The largest federation in the world, what is the highest level of competition? International Powerlifting Federation
66%
How much do competition collars weigh, in kilograms? 2.5
54%
The organization above hosts a major annual competition in what UK city? Sheffield
54%
Name a mandatory piece of equipment. Singlet | Undershirt
54%
If a competitor fails to register a successful attempt at one lift, they have done what? Bombed out
36%
Louie Simmons, coach of Westside Barbell, invented what style of training common amongst equipped lifters? Conjugate
12%
No matching quizzes found
Score Distribution
Percent of People with Each Score
Percentile by Number Answered
Your Score History
You have not taken this quiz